The non-euclidean, hyperbolic plane: its structure and consistency
I tiakina i:
| Ngā kaituhi matua: | , |
|---|---|
| Hōputu: | Pukapuka |
| Reo: | Ingarihi |
| I whakaputaina: |
Nueva York
Springer-Verlag
1981
|
| Rangatū: | Universitext
|
| Ngā marau: | |
| Ngā Tūtohu: |
Tāpirihia he Tūtohu
Kāore He Tūtohu, Me noho koe te mea tuatahi ki te tūtohu i tēnei pūkete!
|
MARC
| LEADER | 00000nam a2200000 a 4500 | ||
|---|---|---|---|
| 001 | UCP0787 | ||
| 003 | CL-VaPUC | ||
| 008 | 990319e19810000US |||||||||||||||||eng|d | ||
| 082 | 0 | 4 | |a 516.9 |b KEL |2 21 |
| 100 | |a Kelly, Paul J |e author |9 426818 | ||
| 700 | 0 | |a Matthews, Gordon |e author |9 426325 | |
| 245 | 1 | 4 | |a The non-euclidean, hyperbolic plane: its structure and consistency |
| 300 | |a 333 p | ||
| 942 | |c BK | ||
| 945 | |d 19990319 00:00:00 |a crobeson | ||
| 260 | |a Nueva York |b Springer-Verlag |c 1981 | ||
| 650 | 7 | |a GEOMETRIA NO EUCLIDEA |2 CL-VaPUC |9 426326 | |
| 650 | 0 | |a Geometría hiperbólica |9 426327 | |
| 650 | 0 | |a Geometría plana |9 265855 | |
| 650 | 0 | |a Espacios métricos |9 269874 | |
| 583 | |a last modification |c 19990319 00:00:00 |k Rodrigo Vera | ||
| 490 | 0 | |a Universitext | |
| 999 | |c 279532 |d 279530 | ||
| 952 | |0 0 |1 0 |4 0 |6 516_900000000000000_KEL_1981 |7 0 |8 A |9 319093 |a BIBMAT |b BIBMAT |d 2019-11-20 |i 1330411 |o 516.9 KEL 1981 |p 1330411 |r 2025-01-07 |w 2019-11-20 |y BK |k MAT | ||
| 952 | |0 0 |1 0 |4 0 |6 516_900000000000000_KEL_1981 |7 0 |8 A |9 319094 |a BIBMAT |b BIBMAT |d 2019-11-20 |i 133042K |o 516.9 KEL 1981 |p 133042K |r 2025-01-07 |w 2019-11-20 |y BK |k MAT | ||
| 952 | |0 0 |1 0 |4 0 |6 516_900000000000000_KEL_1981 |7 0 |8 A |9 319095 |a BIBMAT |b BIBMAT |d 2019-11-20 |i 1330438 |o 516.9 KEL 1981 |p 1330438 |r 2025-01-07 |w 2019-11-20 |y BK |k MAT | ||